La gestió pel compromís amb els governs locals i la ciutadania des de l'Àrea de Benestar Social de la Diputació de Barcelona : pla d'actuació 2004-2007 / Diputació de Barcelona, Àrea de Benestar Social pla d'actuació 2004-2007 / Diputació de Barcelona, Àrea de Benestar Social
Descripción Física:
29 p. ; 30 cm
MARC
| LEADER | 00000nam a2200000Ia 4500 | ||
|---|---|---|---|
| 001 | 16726 | ||
| 008 | 160829s2004] xx 000 0 cat d | ||
| 080 | |a FU-44-23 | ||
| 110 | 1 | |a Barcelona (Catalunya : Província). |b Àrea de Benestar Social |9 52988 | |
| 245 | |a La gestió pel compromís amb els governs locals i la ciutadania des de l'Àrea de Benestar Social de la Diputació de Barcelona : |b pla d'actuació 2004-2007 / Diputació de Barcelona, Àrea de Benestar Social | ||
| 260 | |a [Barcelona : |b Diputació de Barcelona, Àrea de Benestar Social, |c 2004] | ||
| 300 | |a 29 p. ; |c 30 cm | ||
| 610 | 1 | 0 | |a Barcelona (Catalunya : Província). |b Àrea de Benestar Social |9 52988 |
| 901 | |a Arxiu | ||
| 942 | |n 1 | ||
| 952 | |0 0 |1 0 |4 0 |6 FU4423 |7 1 |9 48625 |a Arxiu |b Arxiu |d 2016-12-01 |l 0 |o FU-44-23 |p 16726 |r 2016-12-01 00:00:00 |w 2016-12-01 |y ARXIU | ||
| 999 | |c 52455 |d 52455 | ||